Evolučný vývoj softvéru

Bibliographic Details
Main Author: Lacko, Ľuboslav, 1965- (Author)
Format: Article
Language:Slovak
Subjects:

MARC

LEADER 00000nab a2200000 a 4500
001 vtls008408219
003 SK-MaSNL
005 20260304144209.0
008 250505c2005 xo mr|p|||||||000 b|slo
015 |a SNBRB2005/11  |2 snkbucl 
035 |a (sysno)vtls008408219 
035 |a urn:nbn:sk:snk-ab6hzm 
035 |a (uuid)9153c2c4-cb36-41d7-8b71-7c0ac5b53751 
035 |a (urnnbn)urn:nbn:sk:snk:ar-0038u8 
038 |a SNKBUCL 
040 |a SNKBUCL  |b slo  |c SNKBUCL  |e AACR2 
041 0 |a slo 
044 |a xo  |c SK 
080 |a 004.415  |2 1997 
100 1 |a Lacko, Ľuboslav,  |d 1965-  |4 aut  |9 207258 
245 1 0 |a Evolučný vývoj softvéru  |c Ľuboslav Lacko 
300 |b Fotogr., sch. 
504 |a Bibliogr. dkazy 
650 0 7 |a softvér  |2 snkbucl  |9 1223 
650 0 7 |a vývoj softvéru  |2 snkbucl  |9 73853 
773 0 |t Infoware  |g Č. jún (2005), s. 16-17  |x 1335-4787 
850 |a Slovenská národná knižnica 
852 |a Slovenská národná knižnica 
954 |a odborná, vedecká literatúra pôvodná (slovenská)  |2 lita 
958 |a article2022 
958 |a NB 
958 |a OND 
958 |a EUIPO 
999 |c 2929921  |d 2931851